[Event "Girona Gerunda op"]
[Site "Girona"]
[Date "2022.05.13"]
[Round "4"]
[White "Sanchez Rodriguez, Daniel"]
[Black "Mundet Riera, Joaquim"]
[Result "0-1"]
[WhiteElo "1890"]
[BlackElo "1813"]
[PlyCount "42"]
[EventDate "2022.04.22"]
[EventType "swiss"]
[EventRounds "8"]
[EventCountry "ESP"]
[SourceTitle "EXT 2023"]
[Source "ChessBase"]
[SourceDate "2022.10.05"]
[SourceVersion "1"]
[SourceVersionDate "2022.10.05"]
[SourceQuality "1"]

1. b4 d5 2. Bb2 Nd7 3. Nf3 Ngf6 4. e3 e6 5. a3 c5 6. c4 cxb4 7. axb4 Bxb4 8. cxd5 exd5 9. Qa4 Be7 10. Bb5 0-0 11. Nc3 Nc5 12. Qc2 a6 13. d4 Nce4 14. 0-0 Bg4 15. Bd3 Rc8 16. Ne5 Bh5 17. f3 Nxc3 18. Bxc3 Bb4 19. Rfc1 Rxc3 20. Qb1 Rxc1+ 21. Qxc1 a5 0-1